00541nam a22001457a 4500020001800000082001700018100001200035245005100047260006000098300002100158563001500179942001200194999001900206952017000225 a9787513517225 a895.116bKAI aKai, Ma aEchoes of the Heart:bSelected Poems /cMa Kai aBeijing :bForeign Languages and Research Press,c2012. a417 p. ;c24 cm. aHardcover. 2ddccBK c611364d611364 00102ddc406895_116000000000000_KAI709635680aCLbCLcCHISTd2024-09-03eDonated by Chinese Studies Centerl0o895.116 KAIpCL-D-2631r2024-09-03w2024-09-03yBK